New perspectives on appeasement: some implications for international relations

Na minha lista:
Detalhes bibliográficos
Autor principal: Richardson, J. L.
Formato: Texto
Publicado em: s.l.: World Politic
Tags: Adicionar Tag
Sem tags, seja o primeiro a adicionar uma tag!

MARC

LEADER 00000 a a2200000 04500
001 22898
003
040
090 |a 158100  
100 |a Richardson, J. L.  
245 |a New perspectives on appeasement: some implications for international relations  
260 |a s.l.:   |b World Politic  
300 |a 289-315 p.  
999 |c 15572  |d 15572